Garantías judiciales en el derecho administrativo sancionador (Registro nro. 22369)

Detalles MARC
000 -LEADER
fixed length control field 00362 a2200109 4500
001 - CONTROL NUMBER
control field ART_39502
005 - DATE AND TIME OF LATEST TRANSACTION
control field 20260410161821.0
008 - FIXED-LENGTH DATA ELEMENTS--GENERAL INFORMATION
fixed length control field 260409a
100 1# - MAIN ENTRY--PERSONAL NAME
Personal name Robiglio, Carolina L.
245 10 - TITLE STATEMENT
Title Garantías judiciales en el derecho administrativo sancionador
773 0# - HOST ITEM ENTRY
Title Doctrina Penal Tributaria y Económica
Related parts - Nº 40 (jun. 2016)
Record control number REV4317

No hay ítems disponibles.